[Event "Women's Speed Chess Q7"]
[Site "chess.com INT"]
[Date "2021.06.06"]
[Round "12"]
[White "Zawadzka, Jolanta"]
[Black "Ziegenfuss, Antonia"]
[Result "1-0"]
[WhiteTitle "WGM"]
[BlackTitle "WFM"]
[WhiteElo "2403"]
[BlackElo "2157"]
[WhiteFideId "1122320"]
[BlackFideId "12962554"]
[EventDate "2021.06.06"]

1. e3 c5 2. Be2 Nc6 3. Nf3 d5 4. O-O e5 5. b3 f6 6. Bb2 Be6 7. d4 cxd4 8. exd4
e4 9. Ne1 Bd6 10. f4 exf3 11. Nxf3 Nge7 12. Nbd2 O-O 13. c4 Rc8 14. Rc1 Re8 15.
a3 Nf5 16. Rc3 Bf4 17. g3 Ne3 18. Qb1 Nxf1 19. Nxf1 Bd6 20. c5 Bb8 21. b4 Bh3
22. Bd3 g6 23. Rc1 a6 24. Bxg6 Qe7 25. Bf5 Bxf5 26. Qxf5 Qe6 27. Qh5 Qf7 28. Qh4
Ne7 29. Rd1 Ng6 30. Qh6 Re4 31. Bc1 Rce8 32. Bd2 Re2 33. Re1 Rxe1 34. Bxe1 Re2
35. Bf2 Qe6 36. Nh4 Qe4 37. Nxg6 Qxg6 38. Qh3 Qc2 39. Qc8+ Kg7 40. Qxb7+ Kg6 41.
Qxb8 Rxf2 42. g4 Rg2+ 43. Kh1 Rxg4 44. Qe8+ Kh6 45. Qe3+ Kh5 46. Qh3+ Rh4 47.
Qf3+ Kh6 48. Qxf6+ Kh5 49. Qf3+ Rg4 50. Qxg4+ Kxg4 51. Ne3+ Kf3 52. Nxc2 Ke2 53.
c6 Kd3 54. c7 Kxc2 55. c8=Q+ 1-0

[Event "Women's Speed Chess Q7"]
[Site "chess.com INT"]
[Date "2021.06.06"]
[Round "12"]
[White "Zhuravleva, Olga"]
[Black "Bommini, Mounika Akshaya"]
[Result "0-1"]
[WhiteTitle "WIM"]
[BlackTitle "WFM"]
[WhiteElo "2278"]
[BlackElo "2029"]
[WhiteFideId "4145933"]
[BlackFideId "25019872"]
[EventDate "2021.06.06"]

1. e4 Nc6 2. Nf3 d6 3. d4 Nf6 4. Bd3 Bg4 5. c3 e5 6. Be3 d5 7. dxe5 Nxe5 8. Be2
Bxf3 9. gxf3 dxe4 10. Qa4+ Qd7 11. Qxd7+ Nexd7 12. Nd2 exf3 13. Bxf3 O-O-O 14.
O-O-O Ne5 15. Bg2 c6 16. Bxa7 Kc7 17. Be3 Ng6 18. Nc4 Rxd1+ 19. Rxd1 Be7 20.
Bb6+ Kb8 21. Bf3 Re8 22. Kc2 Nf4 23. Nd6 Bxd6 24. Rxd6 N6d5 25. Bd4 Kc7 26. Bc5
b6 27. Ba3 c5 28. Rxd5 Nxd5 29. Bxd5 Re2+ 30. Kd3 Rxf2 31. h3 f6 32. Ke3 Rh2 33.
Be6 g6 34. Kf3 f5 35. Kg3 Rd2 36. Bc4 g5 37. b4 Kc6 38. b5+ Kd6 39. Bc1 Rc2 40.
Bxg5 Rxc3+ 41. Kf4 Rxc4+ 42. Kxf5 Rc2 43. Bd8 Rxa2 44. Bxb6 Rb2 45. Bd8 Rxb5 46.
Bf6 c4+ 47. Ke4 Ke6 48. Bc3 Rh5 49. Kd4 Rh4+ 50. Kc5 Kf5 51. Be1 Re4 52. Bf2 c3
53. h4 c2 54. Be3 Rxe3 55. Kd4 c1=Q 56. h5 Qd2+ 57. Kc4 Rc3+ 58. Kb5 Qb2+ 59.
Ka5 Ra3# 0-1

[Event "Women's Speed Chess Q7"]
[Site "chess.com INT"]
[Date "2021.06.06"]
[Round "12"]
[White "Fernandez, Maria Florencia"]
[Black "Arpita, Mukherjee"]
[Result "1-0"]
[WhiteTitle "WIM"]
[BlackTitle "WIM"]
[WhiteElo "2229"]
[BlackElo "2206"]
[WhiteFideId "116459"]
[BlackFideId "5056403"]
[EventDate "2021.06.06"]

1. d4 Nf6 2. c4 g6 3. Nc3 Bg7 4. e4 d6 5. Be2 O-O 6. Be3 e5 7. d5 a5 8. g4 Na6
9. h4 Nc5 10. f3 h5 11. g5 Nh7 12. Qd2 f6 13. O-O-O fxg5 14. hxg5 Rf4 15. Nh3
Bxh3 16. Rxh3 a4 17. Kb1 a3 18. b3 b6 19. Rg1 Qf8 20. Rhg3 Qf7 21. Nd1 Qe7 22.
Nf2 Raf8 23. Nd3 Nxd3 24. Qxd3 h4 25. Rg4 Rxg4 26. Rxg4 h3 27. Qd1 Kf7 28. Qh1
Rh8 29. Qxh3 Nxg5 30. Qg3 Nh3 31. Rxg6 Bf6 32. Rh6 Rg8 33. Qxh3 Bg5 34. Qh5+ Kf8
35. Bxg5 Rxg5 36. Rh8+ Rg8 37. Qh6+ Qg7 38. Qxg7+ Kxg7 39. Rxg8+ Kxg8 40. Kc2
Kg7 41. b4 Kf6 42. Kb3 Kg5 43. Kxa3 Kf4 44. Kb3 Ke3 45. Bd1 Kd2 46. Bc2 Ke3 47.
a4 Kxf3 48. a5 Ke3 49. a6 Kd4 50. a7 Ke3 51. a8=Q Kd2 52. Qc6 Kc1 53. Qxc7 1-0

[Event "Women's Speed Chess Q7"]
[Site "chess.com INT"]
[Date "2021.06.06"]
[Round "12"]
[White "Dauletova, Gulmira"]
[Black "Gevorgyan, Maria"]
[Result "0-1"]
[WhiteTitle "WGM"]
[BlackTitle "WGM"]
[WhiteElo "2257"]
[BlackElo "2219"]
[WhiteFideId "13702971"]
[BlackFideId "13300270"]
[EventDate "2021.06.06"]

1. e4 c5 2. Nf3 Nc6 3. d4 cxd4 4. Nxd4 g6 5. c4 Nf6 6. Nc3 Nxd4 7. Qxd4 d6 8.
Be2 Bg7 9. Be3 O-O 10. Qd2 a5 11. O-O a4 12. Rab1 Qa5 13. f3 Be6 14. Nd5 Qxd2
15. Bxd2 Nxd5 16. cxd5 Bd4+ 17. Kh1 Bd7 18. Rfc1 Rfc8 19. Bc3 Be3 20. Rd1 a3 21.
Rd3 Bh6 22. Rdd1 axb2 23. Bxb2 Rxa2 24. Bf1 Ba4 25. Re1 b5 26. Bd4 Rb8 27. g3 b4
28. Bg2 b3 29. Rb2 Rxb2 30. Bxb2 Rc8 31. f4 Rc2 32. Rb1 Bg7 33. Bxg7 Kxg7 34.
Bf1 b2 35. Kg1 Bb3 36. h3 Ba2 37. Rxb2 Rxb2 38. Bd3 Rd2 39. Bf1 Rd1 40. Kf2 Bb1
41. Be2 Rd4 42. Ke3 Rxe4+ 43. Kf3 Rd4 44. g4 Rxd5 45. Bc4 Rc5 46. Be2 d5 47. Ke3
Be4 48. Kd4 Ra5 49. h4 Ra4+ 50. Ke3 f5 51. g5 d4+ 52. Kd2 Ra2+ 53. Ke1 d3 54.
Bd1 Rh2 55. h5 gxh5 56. Kf1 h4 57. Ke1 h3 58. Bb3 Rb2 59. Bd1 h2 0-1

[Event "Women's Speed Chess Q7"]
[Site "chess.com INT"]
[Date "2021.06.06"]
[Round "12"]
[White "Cori T., Deysi"]
[Black "Nguyen, Hong Anh"]
[Result "0-1"]
[WhiteTitle "WGM"]
[BlackTitle "WIM"]
[WhiteElo "2388"]
[BlackElo "1993"]
[WhiteFideId "3801934"]
[BlackFideId "12406732"]
[EventDate "2021.06.06"]

1. d4 Nf6 2. Nf3 g6 3. g3 Bg7 4. Bg2 O-O 5. O-O d5 6. Ne5 c5 7. dxc5 Na6 8. Nd3
Ne4 9. Nc3 Nxc3 10. bxc3 Bxc3 11. Bh6 Re8 12. Rb1 Bf6 13. h4 e5 14. Nb4 Nxb4 15.
Rxb4 e4 16. c4 dxc4 17. Qc2 Be6 18. Qxe4 Qc7 19. Rxb7 Qxc5 20. Be3 Qa5 21. Qc2
a6 22. Rb6 Rad8 23. h5 c3 24. hxg6 hxg6 25. Rc6 Qxa2 26. Qc1 Qxe2 27. Re1 Qd3
28. Bh6 c2 29. Bf1 Qd5 30. Bg2 Qd1 31. Rxc2 Qxc1 32. Rexc1 a5 33. Bc6 Re7 34.
Bb5 Rb7 35. Bc6 Rc7 36. Bf4 Rcc8 37. Bb7 Rxc2 38. Rxc2 a4 39. Rc7 a3 40. Be4 a2
41. Ra7 a1=Q+ 42. Rxa1 Bxa1 43. Kg2 Bf6 44. Kf3 Bd5 45. Bxd5 Rxd5 46. Ke4 Ra5
47. Kf3 Ra2 48. Be3 Kg7 49. g4 g5 50. Ke4 Kg6 51. f3 Be7 52. Kd5 Ra3 53. Ke4 Bd6
54. Bd4 f6 55. Kd5 Bf4 56. Ke4 Kf7 57. Kf5 Rxf3 58. Bxf6 Bc1+ 59. Ke4 Rxf6 60.
Ke5 Rf4 61. Kd5 Rxg4 62. Ke5 Rf4 63. Kd5 g4 64. Ke5 g3 65. Kd6 g2 66. Kd5 g1=Q
67. Ke5 Qd4# 0-1

[Event "Women's Speed Chess Q7"]
[Site "chess.com INT"]
[Date "2021.06.06"]
[Round "12"]
[White "Fominykh, Maria"]
[Black "Priyanka, K"]
[Result "1-0"]
[WhiteTitle "WGM"]
[BlackTitle "WIM"]
[WhiteElo "2206"]
[BlackElo "2218"]
[WhiteFideId "4142411"]
[BlackFideId "5082986"]
[EventDate "2021.06.06"]

1. d4 Nf6 2. c4 g6 3. Nc3 Bg7 4. e4 d6 5. Nf3 O-O 6. h3 e5 7. Be3 Nc6 8. d5 Ne7
9. g4 h5 10. g5 Nh7 11. Rg1 c5 12. Qd2 a6 13. a3 Bd7 14. b4 cxb4 15. axb4 b6 16.
Nh4 Qc8 17. Bxb6 Bxh3 18. Qd3 Bxf1 19. Kxf1 Rb8 20. c5 f5 21. gxf6 Bxf6 22. Nxg6
Nxg6 23. Rxg6+ Kf7 24. Rg1 Rg8 25. Rxg8 Qxg8 26. Qf3 Qg4 27. Qxg4 hxg4 28. Kg2
dxc5 29. bxc5 Bd8 30. Rxa6 Bxb6 31. Rxb6 Rxb6 32. cxb6 Nf6 33. b7 Nd7 34. Na4
Ke7 35. Nc5 Nb8 36. Nd3 Kd6 37. Kg3 Kc7 38. Nc5 Kd6 39. Nb3 Na6 40. Na5 Kc7 41.
Kxg4 Kb6 42. Nc4+ Kxb7 43. Nxe5 Nc5 44. Kf5 Kc7 45. f4 Kd6 46. Nc4+ Ke7 47. e5
Nd7 48. e6 Nb6 49. Nxb6 Kd6 50. Kf6 Kc7 51. e7 Kxb6 52. e8=Q Ka5 53. Qb8 1-0

[Event "Women's Speed Chess Q7"]
[Site "chess.com INT"]
[Date "2021.06.06"]
[Round "12"]
[White "Nurmanova, Alua"]
[Black "Babiy, Olga"]
[Result "0-1"]
[WhiteTitle "WFM"]
[BlackTitle "WGM"]
[WhiteElo "2093"]
[BlackElo "2280"]
[WhiteFideId "13729390"]
[BlackFideId "14117258"]
[EventDate "2021.06.06"]

1. e4 c6 2. d3 d5 3. Nd2 e5 4. g3 Bd6 5. Bg2 Nf6 6. Ne2 O-O 7. O-O Nbd7 8. h3
Re8 9. f4 dxe4 10. dxe4 Nc5 11. Nc3 Bf8 12. Kh2 Qd4 13. Nb3 Qxd1 14. Rxd1 exf4
15. Nxc5 fxg3+ 16. Kxg3 Bxc5 17. Bg5 Nh5+ 18. Kh2 h6 19. Bh4 Nf4 20. Bf1 Be6 21.
Bg3 Ng6 22. h4 Rad8 23. h5 Ne7 24. Bd3 Bd4 25. Rf1 f6 26. Ne2 Bb6 27. Nf4 Bf7
28. Rae1 Bd4 29. b3 Be5 30. Be2 Nc8 31. Bg4 Nd6 32. Re2 Bxf4 33. Bxf4 Nxe4 34.
Rfe1 Ng5 35. Bxg5 hxg5 36. c4 Kf8 37. Kg3 Rxe2 38. Rxe2 Re8 39. Rd2 Be6 40. Bf3
Kf7 41. Rd6 Re7 42. b4 Bxc4 43. a4 Bd5 44. Bg4 Rc7 45. b5 Re7 46. bxc6 bxc6 47.
a5 a6 48. Bc8 Ra7 49. Kf2 Ke7 50. Rxd5 cxd5 51. Ke3 Kd6 52. Kd4 Ra8 53. Bb7 Rb8
54. Bxa6 Ra8 55. Bf1 Rxa5 0-1

[Event "Women's Speed Chess Q7"]
[Site "chess.com INT"]
[Date "2021.06.06"]
[Round "12"]
[White "Kulkarni, Bhakti"]
[Black "Koridze, Lile"]
[Result "1-0"]
[WhiteTitle "IM"]
[BlackTitle "WFM"]
[WhiteElo "2391"]
[BlackElo "2016"]
[WhiteFideId "5019516"]
[BlackFideId "13612514"]
[EventDate "2021.06.06"]

1. d4 Nf6 2. c4 e6 3. a3 d5 4. Nc3 Be7 5. Bg5 O-O 6. e3 h6 7. Bh4 c6 8. Qc2 b6
9. cxd5 cxd5 10. Bd3 Ba6 11. Bxa6 Nxa6 12. Qa4 Nb8 13. Nf3 Nbd7 14. O-O Qb8 15.
Nb5 a6 16. Nc3 b5 17. Qb3 Bd6 18. Rac1 Ne4 19. Bg3 Nxg3 20. hxg3 Nf6 21. Rc2 Ng4
22. Rfc1 Rc8 23. e4 dxe4 24. Nxe4 Rxc2 25. Qxc2 Be7 26. Qc7 Qe8 27. Ne5 Nxe5 28.
dxe5 Qd8 29. Qxd8+ Rxd8 30. Rc7 Kf8 31. Ra7 Ke8 32. Rxa6 Rd5 33. f4 Rd1+ 34. Kf2
Rd4 35. Ke3 Rd1 36. Ra5 Re1+ 37. Kf3 b4 38. axb4 Bxb4 39. Ra8+ Kd7 40. Ra7+ Ke8
41. Nd6+ Bxd6 42. exd6 Rd1 43. d7+ Rxd7 44. Rxd7 Kxd7 45. Ke4 Kc6 46. Ke5 Kd7
47. b4 f6+ 48. Kd4 h5 49. Kc5 g5 50. fxg5 fxg5 51. Kd4 Kd6 52. Ke4 h4 53. gxh4
gxh4 54. b5 Kc7 55. Ke5 Kd7 56. b6 Kc6 57. Kxe6 Kxb6 58. Kf5 h3 59. gxh3 Kc6 60.
Ke6 Kc7 61. h4 Kc6 62. Kf7 Kd7 63. h5 Kd6 64. h6 Ke5 65. h7 1-0

[Event "Women's Speed Chess Q7"]
[Site "chess.com INT"]
[Date "2021.06.06"]
[Round "12"]
[White "Cyfka, Karina"]
[Black "Arabidze, Meri"]
[Result "0-1"]
[WhiteTitle "IM"]
[BlackTitle "IM"]
[WhiteElo "2417"]
[BlackElo "2432"]
[WhiteFideId "1122681"]
[BlackFideId "13604040"]
[EventDate "2021.06.06"]

1. d4 Nf6 2. Nf3 e6 3. g3 b6 4. Bg2 Bb7 5. O-O g6 6. c3 Bg7 7. Nbd2 O-O 8. Re1
d6 9. e4 Nbd7 10. h3 e5 11. d5 a5 12. Nf1 Nc5 13. Qc2 Ba6 14. c4 b5 15. N3d2 b4
16. f4 exf4 17. gxf4 Nh5 18. e5 Nxf4 19. exd6 cxd6 20. Nf3 Nxg2 21. Kxg2 a4 22.
Bg5 Qd7 23. Re7 Qc8 24. Rae1 b3 25. axb3 axb3 26. Qe2 Nd7 27. N1d2 Nf6 28. Qe3
Nh5 29. Bh6 Qf5 30. Bxg7 Kxg7 31. Re4 Bc8 32. Nh4 Qf6 33. Rf1 Qxb2 34. Rf2 Ra2
35. Rd4 Qc2 36. Qxb3 Qxb3 37. Nxb3 Bxh3+ 38. Kg1 Rxf2 39. Kxf2 Re8 40. c5 dxc5
41. Nxc5 g5 42. Nf3 h6 43. d6 Nf4 44. d7 Re2+ 45. Kg1 Rg2+ 46. Kh1 Bxd7 47. Rxd7
Rf2 48. Ne5 Nh3 49. Ne6+ Kf6 50. Rxf7+ Kxe5 51. Rxf2 Nxf2+ 52. Kg2 Kxe6 53. Kxf2
Kf5 54. Kg3 h5 55. Kh3 Kf4 56. Kg2 g4 57. Kh2 h4 58. Kg2 h3+ 59. Kh2 Kf3 60. Kh1
g3 61. Kg1 g2 62. Kh2 Kf2 63. Kxh3 g1=Q 0-1

[Event "Women's Speed Chess Q7"]
[Site "chess.com INT"]
[Date "2021.06.06"]
[Round "12"]
[White "Obregon Garcia, Roxangel"]
[Black "Berend, Elvira"]
[Result "0-1"]
[WhiteTitle "WIM"]
[BlackTitle "WGM"]
[WhiteElo "2167"]
[BlackElo "2326"]
[WhiteFideId "3520420"]
[BlackFideId "4000510"]
[EventDate "2021.06.06"]

1. e4 c5 2. Nf3 e6 3. g3 Nc6 4. Bg2 d6 5. O-O Nf6 6. Qe2 Be7 7. c3 e5 8. Rd1 Bg4
9. h3 Bxf3 10. Bxf3 O-O 11. Na3 a6 12. Nc2 Rc8 13. d4 cxd4 14. cxd4 Qb6 15. Be3
exd4 16. Nxd4 Nxd4 17. Bxd4 Qa5 18. e5 dxe5 19. Bxe5 b5 20. Bc3 Qc7 21. Rac1
Rfe8 22. Bxf6 Qxc1 23. Rxc1 Rxc1+ 24. Kg2 gxf6 25. Bd5 Rc7 26. Qg4+ Kf8 27. Qh5
Bd8 28. Qxh7 Re5 29. Bb3 Rd7 30. Qh8+ Ke7 31. Qg7 Ke8 32. h4 Re2 33. h5 Bb6 34.
Qg8+ Ke7 35. Qxf7+ Kd6 36. Qxf6+ Kc7 37. Qf4+ Kc8 38. Qf8+ Kc7 39. Qf4+ Kc8 40.
Kh3 Rxf2 41. Qg4 Kc7 42. h6 Rdd2 43. Qg7+ Kc8 44. h7 Rh2+ 45. Kg4 Rd4+ 46. Qxd4
Bxd4 47. Be6+ Kc7 48. Kg5 Rxh7 49. Kg6 Rh8 50. g4 Rd8 51. g5 Kd6 52. Kf7 Be5 53.
g6 Rb8 54. Bf5 Rb7+ 55. Kf8 Bg7+ 0-1

[Event "Women's Speed Chess Q7"]
[Site "chess.com INT"]
[Date "2021.06.06"]
[Round "12"]
[White "Vo, Thi Kim Phung"]
[Black "Papp, Petra"]
[Result "1/2-1/2"]
[WhiteTitle "WGM"]
[BlackTitle "WGM"]
[WhiteElo "2335"]
[BlackElo "2336"]
[WhiteFideId "12401838"]
[BlackFideId "739049"]
[EventDate "2021.06.06"]

1. d4 Nf6 2. c4 g6 3. Nc3 d5 4. Bg5 Ne4 5. cxd5 Nxg5 6. h4 Ne4 7. Nxe4 Qxd5 8.
Nc3 Qa5 9. Rc1 Bg7 10. e3 c5 11. dxc5 Nd7 12. h5 Nxc5 13. hxg6 hxg6 14. Rxh8+
Bxh8 15. Bb5+ Bd7 16. Bxd7+ Nxd7 17. Ne2 Rc8 18. Kf1 Qh5 19. Kg1 Be5 20. g3 Qf3
21. Nd4 Qxd1+ 22. Rxd1 Bxd4 23. Rxd4 Nf6 24. Kf1 e5 25. Rb4 b6 26. Ra4 a5 27.
Rh4 Ke7 28. Ke2 Ke6 29. a3 Nd5 30. Nxd5 Kxd5 31. Kd2 f5 32. Rh7 Rc6 33. Rd7+ Ke4
34. Ke2 Rc2+ 35. Rd2 Rxd2+ 36. Kxd2 Kf3 37. Ke1 g5 38. Kf1 g4 39. Ke1 f4 40.
exf4 exf4 41. gxf4 Kxf4 42. Ke2 Ke4 43. Kd2 Kd4 44. Kc2 a4 45. Kd2 Kc4 46. Kc2
b5 47. Kd2 Kb3 48. Kc1 b4 49. axb4 Kxb4 50. Kc2 Kc4 51. Kd2 Kd4 52. Ke2 Ke4 53.
Kd2 Kf3 54. Ke1 Ke4 55. Ke2 Kd4 56. Kd2 Kc4 57. Kc2 Kb4 58. Kd2 Kb3 59. Kc1 Kc4
60. Kc2 Kd4 61. Kd2 Ke4 62. Ke2 Kf4 63. Kd2 Kf3 64. Ke1 Ke4 65. Ke2 1/2-1/2

[Event "Women's Speed Chess Q7"]
[Site "chess.com INT"]
[Date "2021.06.06"]
[Round "12"]
[White "Zaichenko, Daria"]
[Black "Grigoryan, Meri"]
[Result "0-1"]
[WhiteTitle "WFM"]
[BlackTitle "WFM"]
[WhiteElo "2104"]
[BlackElo "2044"]
[WhiteFideId "4197453"]
[BlackFideId "13300571"]
[EventDate "2021.06.06"]

1. e4 d5 2. exd5 Qxd5 3. Nc3 Qa5 4. d4 Nf6 5. Nf3 Bf5 6. Bd3 Bxd3 7. Qxd3 c6 8.
Bf4 Nbd7 9. O-O-O h6 10. h4 O-O-O 11. Kb1 e6 12. Rhe1 Bb4 13. Bd2 Nd5 14. Nxd5
cxd5 15. Bxb4 Qxb4 16. Ne5 Nxe5 17. Rxe5 Rd7 18. c3 Qa4 19. f4 Kb8 20. f5 exf5
21. b3 Qc6 22. Qxf5 Rhd8 23. Rc1 g6 24. Qf4 f6 25. Re6+ Rd6 26. Re7 g5 27. hxg5
hxg5 28. Qh2 Ka8 29. Rce1 a6 30. Kb2 Rc8 31. R1e3 Rd7 32. Qh7 Rdc7 33. Rxc7 Rxc7
34. Qg8+ Ka7 35. Qe6 Qxe6 36. Rxe6 f5 37. Re5 f4 38. Rxg5 Re7 39. Rf5 Re2+ 40.
Ka3 Rxg2 41. Rxf4 Kb6 42. Rf6+ Kb5 43. Rd6 Rg5 44. Kb2 Rg2+ 45. Kc1 Rxa2 46.
Rxd5+ Kc6 47. Rc5+ Kd6 48. c4 b6 49. Rh5 Rg2 50. Rh6+ Kc7 51. d5 Rg3 52. Rc6+
Kb7 53. Kc2 b5 54. Rh6 bxc4 55. bxc4 a5 56. c5 a4 57. Rb6+ Kc7 58. Ra6 a3 59.
d6+ Kd7 60. Kb1 Rc3 0-1

[Event "Women's Speed Chess Q7"]
[Site "chess.com INT"]
[Date "2021.06.06"]
[Round "12"]
[White "Mendoza, Shania Mae"]
[Black "Batsiashvili, Nino"]
[Result "0-1"]
[WhiteTitle "WFM"]
[BlackTitle "GM"]
[WhiteElo "2158"]
[BlackElo "2491"]
[WhiteFideId "5211158"]
[BlackFideId "13602993"]
[EventDate "2021.06.06"]

1. e4 c6 2. Nc3 d5 3. d4 dxe4 4. Nxe4 Nf6 5. Ng3 g6 6. Bc4 Bg7 7. Nf3 O-O 8. h3
c5 9. c3 Nc6 10. O-O cxd4 11. cxd4 a6 12. a4 b6 13. Re1 Bb7 14. Bf4 Rc8 15. Rc1
Nb4 16. Ne5 Bd5 17. Qb3 Bxc4 18. Qxb4 b5 19. axb5 Nd5 20. Qd2 Bxb5 21. Bh6 Rxc1
22. Rxc1 Qd6 23. Ng4 Bxh6 24. Nxh6+ Kh8 25. Rc5 Qf4 26. Qxf4 Nxf4 27. Ng4 Kg7
28. Ne5 h5 29. Ne4 Ne6 30. Rd5 Rd8 31. Rxd8 Nxd8 32. Nc5 Nc6 33. Nxc6 Bxc6 34.
f3 Kf6 35. Kf2 a5 36. Ke3 e5 37. Nd3 exd4+ 38. Kxd4 Ke6 39. Ne5 Bb5 40. Ke4 Bf1
41. g3 Bxh3 42. Kf4 Bf5 43. Nc4 a4 44. Nb6 Bc2 45. Nc4 Bb3 46. Ne3 f6 47. Ke4 g5
48. f4 Bc2+ 49. Kf3 Bb3 50. fxg5 fxg5 51. g4 h4 52. Ke4 Ba2 53. Kf3 Bd5+ 54. Kf2
h3 55. Kg3 Bg2 56. Nxg2 hxg2 57. Kxg2 Ke5 58. Kf3 Kd4 59. Kf2 Ke4 60. Ke2 Kf4
61. Kd3 Kxg4 62. Kc4 Kf3 63. Kb4 g4 64. Kxa4 g3 65. b4 g2 66. b5 g1=Q 67. Ka5
Qa1+ 68. Kb6 Ke4 69. Kc7 Kd5 70. b6 Qa5 71. Kb7 Kc5 72. Kc7 Qxb6+ 73. Kd7 Qa7+
74. Ke6 Qc7 75. Kf5 Qe7 76. Kg4 Kd4 77. Kf5 Qf7+ 78. Kg4 Ke4 79. Kg5 Qg7+ 80.
Kh5 Kf4 81. Kh4 Qg4# 0-1

[Event "Women's Speed Chess Q7"]
[Site "chess.com INT"]
[Date "2021.06.06"]
[Round "12"]
[White "Potapova, Margarita"]
[Black "Avramidou, Anastasia"]
[Result "0-1"]
[WhiteTitle "WIM"]
[BlackTitle "FM"]
[WhiteElo "2260"]
[BlackElo "2238"]
[WhiteFideId "14126869"]
[BlackFideId "4239873"]
[EventDate "2021.06.06"]

1. d4 Nf6 2. c4 g6 3. Nc3 d5 4. cxd5 Nxd5 5. e4 Nxc3 6. bxc3 Bg7 7. Be3 O-O 8.
Nf3 c5 9. Be2 Nc6 10. O-O Qc7 11. d5 Ne5 12. Nxe5 Bxe5 13. f4 Bg7 14. e5 b6 15.
c4 Bb7 16. Qc2 Rad8 17. Bf3 Qc8 18. a4 e6 19. d6 f6 20. Bxb7 Qxb7 21. exf6 Bxf6
22. Rad1 Qc6 23. Qd3 Rd7 24. Qe2 Rxd6 25. Rde1 Qxa4 26. Bf2 Qd7 27. Bg3 Rd2 28.
Qe4 Qd4+ 29. Qxd4 Bxd4+ 30. Kh1 Kf7 31. h4 a5 32. Rb1 Rb8 33. f5 e5 34. Rbe1 Re8
35. Rb1 Rb8 36. Rbe1 a4 37. fxg6+ Kxg6 38. Rf3 Re8 39. Ra3 e4 40. Rxa4 Rd3 41.
Bh2 Re6 42. Ra8 e3 43. Rg8+ Kf7 44. Rg3 Rd2 45. Rf3+ Ke7 46. Bf4 Rd3 47. Bg5+
Kd6 48. Kh2 Kc6 49. Kh3 b5 50. cxb5+ Kxb5 51. Kg4 c4 52. Kf5 Rc6 53. Bxe3 Bxe3
54. Rfxe3 Rxe3 55. Rxe3 c3 56. Re1 c2 57. Rc1 Kb4 58. g4 Kc3 59. g5 Kd2 60. Rh1
c1=Q 61. Rxc1 Rxc1 62. h5 Ke3 63. g6 Rc5+ 64. Kg4 hxg6 65. hxg6 Ke4 66. Kh4 Kf5
67. Kh5 Kf6+ 68. Kh6 Rg5 69. Kh7 Rxg6 70. Kh8 Rg1 71. Kh7 Rg2 72. Kh6 Rh2# 0-1

[Event "Women's Speed Chess Q7"]
[Site "chess.com INT"]
[Date "2021.06.06"]
[Round "12"]
[White "Corrales Jimenez, Zenia"]
[Black "Vantika, Agrawal"]
[Result "0-1"]
[WhiteTitle "WIM"]
[BlackTitle "WIM"]
[WhiteElo "2189"]
[BlackElo "2286"]
[WhiteFideId "3506355"]
[BlackFideId "25050389"]
[EventDate "2021.06.06"]

1. e4 c5 2. Nf3 d6 3. d4 cxd4 4. Nxd4 Nf6 5. Nc3 a6 6. Be2 e5 7. Nb3 Be7 8. O-O
O-O 9. Bg5 Nbd7 10. Bxf6 Nxf6 11. Qd3 Be6 12. Rad1 b5 13. h3 Qc7 14. Nd5 Nxd5
15. exd5 Bd7 16. f4 exf4 17. Rxf4 Bg5 18. Rff1 f5 19. Nd4 Rae8 20. Bf3 Re3 21.
Qd2 h6 22. Qf2 Rfe8 23. Ne6 Bxe6 24. dxe6 g6 25. Kh1 Re5 26. c3 Kg7 27. Bd5 Be3
28. Qf3 Qc5 29. Rfe1 f4 30. Be4 R8xe6 31. Bd3 d5 32. Qg4 Re7 33. Qxg6+ Kf8 34.
Qxh6+ Rg7 35. Qf6+ Kg8 36. Bg6 Qe7 37. Qc6 Re6 38. Qc8+ Qf8 39. Qxf8+ Kxf8 40.
Bf5 Re5 41. Bg4 Ke7 42. Rd3 Kf6 43. Red1 Rgg5 44. b3 Kg7 45. g3 fxg3 46. Kg2 Bf2
47. Rf3 Rg6 48. Rf5 Rxf5 49. Bxf5 Rf6 50. Rxd5 Rf7 51. h4 Re7 52. h5 Re2 53. Kf3
Rxa2 54. Rd7+ Kh6 55. Bg6 Kg5 56. Rh7 Bc5 57. Be4 g2 58. Rg7+ Kxh5 59. Rxg2 Ra1
60. Rh2+ Kg5 61. Bd5 Rc1 62. Rg2+ Kf6 63. Ke4 Rxc3 64. Rg8 b4 65. Rd8 a5 66. Rc8
a4 67. Rc6+ Ke7 68. bxa4 Kd7 69. Ra6 b3 70. Bxb3 Rxb3 71. Kd5 Bf2 72. Rf6 Be3
73. Rf7+ Kc8 74. a5 Ra3 75. Kc6 Rc3+ 76. Kb5 Kb8 77. a6 Rb3+ 78. Kc6 Ra3 79.
Rf8+ Ka7 80. Kc7 Kxa6 81. Ra8+ Ba7 82. Re8 Rd3 83. Re6+ Kb5 84. Kb7 Bc5 85. Re5
Rd7+ 86. Kc8 Rh7 87. Rg5 Kc6 88. Rg6+ Bd6 89. Kd8 Rh8+ 0-1

[Event "Women's Speed Chess Q7"]
[Site "chess.com INT"]
[Date "2021.06.06"]
[Round "12"]
[White "Varshini, V"]
[Black "Szente Varga, Fruzsina"]
[Result "1-0"]
[WhiteTitle "WGM"]
[BlackTitle "WFM"]
[WhiteElo "2226"]
[BlackElo "2100"]
[WhiteFideId "5091241"]
[BlackFideId "712264"]
[EventDate "2021.06.06"]

1. e4 e5 2. Nf3 Nc6 3. Bc4 Bc5 4. c3 Nf6 5. d4 exd4 6. e5 d5 7. Bb5 Ne4 8. cxd4
Bb6 9. O-O O-O 10. Bxc6 bxc6 11. Nc3 Nxc3 12. bxc3 c5 13. Ba3 Qe7 14. Re1 Be6
15. Rb1 a5 16. Rb5 Bd7 17. Bxc5 Bxc5 18. Rxc5 c6 19. Qd2 Rfb8 20. h3 Rb6 21. c4
dxc4 22. Rxc4 Rb5 23. Rec1 Rc8 24. Rc5 Rcb8 25. a4 Rb2 26. R1c2 Rb1+ 27. Kh2 h6
28. Rxa5 f6 29. Rac5 fxe5 30. Nxe5 Be8 31. Rc1 Rxc1 32. Rxc1 Qf6 33. Qe3 Rb2 34.
Qf3 Qxf3 35. Nxf3 Rxf2 36. Ra1 Rb2 37. a5 Rb7 38. a6 Ra7 39. Ne5 Kf8 40. Nd3 Ke7
41. Kg3 Kd6 42. Kf4 Kd5 43. Ke3 Re7+ 44. Kd2 Ra7 45. Nc5 Kxd4 46. Ne6+ Kd5 47.
Nxg7 Bg6 48. g4 c5 49. Nf5 c4 50. Ne3+ Kc5 51. Kc3 Bd3 52. Nc2 Kb6 53. Nb4 Be2
54. Nd5+ Kc5 55. Nb4 Bf3 56. Re1 Bg2 57. Re3 Kb5 58. Re5+ Ka4 59. Rh5 Bf3 60.
Rxh6 Be2 61. Rd6 Rf7 62. Rd2 Rf3+ 63. Kc2 Bf1 64. a7 Rf8 65. Nc6 Kb5 66. Nd4+
Ka6 67. Nf5 Kxa7 68. Kc3 Bd3 69. Ne3 Kb6 70. Nxc4+ Bxc4 71. Kxc4 Rf4+ 72. Kd3
Rf3+ 73. Ke4 Rxh3 74. Kf5 Kc6 75. g5 Rf3+ 76. Kg6 Rf1 77. Kh6 Rh1+ 78. Kg7 Rg1
79. g6 Rg3 80. Kh7 Rh3+ 81. Kg8 Rg3 82. g7 Rg1 83. Rd4 Kc5 84. Rf4 Kd6 85. Kf8
Ra1 86. g8=Q Ra8+ 87. Kg7 Rxg8+ 88. Kxg8 Ke5 89. Rf1 Ke4 90. Kg7 Ke3 91. Kg6 Ke2
92. Rf4 Ke3 93. Kg5 Ke2 94. Kf5 Ke3 95. Ke5 Kd3 96. Re4 Kc3 97. Rd4 Kb3 98. Kd5
Kc3 99. Kc5 Kb3 100. Rc4 Ka3 101. Rb4 Ka2 102. Kc4 Ka3 103. Kc3 Ka2 104. Kc2 Ka3
105. Rc4 Ka2 106. Ra4# 1-0

[Event "Women's Speed Chess Q7"]
[Site "chess.com INT"]
[Date "2021.06.06"]
[Round "13"]
[White "Fernandez, Maria Florencia"]
[Black "Zhou, Qiyu"]
[Result "1-0"]
[WhiteTitle "WIM"]
[BlackTitle "FM"]
[WhiteElo "2229"]
[BlackElo "2229"]
[WhiteFideId "116459"]
[BlackFideId "505161"]
[EventDate "2021.06.06"]

1. d4 Nf6 2. c4 e6 3. Nf3 d5 4. Nc3 Bb4 5. a3 Bxc3+ 6. bxc3 O-O 7. Bf4 b6 8. e3
Bb7 9. Bd3 Nbd7 10. O-O Ne4 11. Qc2 Ndf6 12. cxd5 exd5 13. c4 Re8 14. Be5 c6 15.
cxd5 cxd5 16. Rac1 Rc8 17. Qa4 Qd7 18. Bb5 Bc6 19. Rxc6 1-0

[Event "Women's Speed Chess Q7"]
[Site "chess.com INT"]
[Date "2021.06.06"]
[Round "13"]
[White "Nguyen, Hong Ngoc"]
[Black "Corrales Jimenez, Zenia"]
[Result "1-0"]
[WhiteTitle "WCM"]
[BlackTitle "WIM"]
[WhiteElo "1957"]
[BlackElo "2189"]
[WhiteFideId "12403083"]
[BlackFideId "3506355"]
[EventDate "2021.06.06"]

1. e4 c5 2. Nc3 Nc6 3. g3 g6 4. Bg2 Bg7 5. d3 e6 6. Be3 Nge7 7. Bxc5 Qa5 8. Be3
Bxc3+ 9. bxc3 Qxc3+ 10. Bd2 Qb2 11. Ne2 O-O 12. Bc3 Qb5 13. Bf6 Qa5+ 14. c3 d5
15. Qd2 Nf5 16. exf5 exf5 17. Qh6 1-0